|
|
|
|
| LEADER |
00000nab a2200000 a 4500 |
| 001 |
vtls000613986 |
| 003 |
SK-MaSNL |
| 005 |
20260304094809.0 |
| 008 |
250425c1996 xo 0 slo |
| 015 |
|
|
|a SNBRB19rr/mm-uuuuu
|
| 035 |
|
|
|a CL0614125
|
| 035 |
|
|
|a urn:nbn:sk:snk-ab9wf4
|
| 035 |
|
|
|a (urnnbn)urn:nbn:sk:snk:ar-a092dh
|
| 035 |
|
|
|a (uuid)30359544-edf8-404d-ae73-c2b9790ea752
|
| 040 |
|
|
|a SNKBUCL
|b slo
|c SNKBUCL
|e AACR2
|
| 041 |
0 |
|
|a slo
|
| 044 |
|
|
|a xo
|c SK
|
| 080 |
|
|
|a 76.071.1
|2 1981
|
| 080 |
|
|
|a 741.5.071.1
|2 1981
|
| 100 |
1 |
|
|a Földvári, Kornel,
|d 1932-2015
|4 aut
|9 159880
|
| 245 |
1 |
0 |
|a Mámivé svety Vlastimila Zábranského
|b (nad čerstvým jubileom)
|c Kornel Földvári
|
| 600 |
1 |
7 |
|a Zábranský, Vlastimil
|d 1936-
|2 snkbucl
|9 418993
|
| 655 |
|
7 |
|a články z novín a časopisov
|2 snkbucl
|9 267496
|
| 773 |
0 |
|
|t RAK
|g Roč. 1, č. 6 (1996), s. 76-78
|x 1335-1702
|
| 850 |
|
|
|a Slovenská národná knižnica
|
| 852 |
|
|
|a Slovenská národná knižnica
|
| 958 |
|
|
|a article13
|
| 958 |
|
|
|a CZ
|
| 958 |
|
|
|a RK
|
| 958 |
|
|
|a OND
|
| 958 |
|
|
|a EUIPO
|
| 992 |
|
|
|a RBX
|
| 999 |
|
|
|c 2829000
|d 2830930
|